Word Ladder: Celebrities II Quiz Stats

Quiz Updated Feb 17, 2012

Challenge
Share
Tweet
The first and last clues reveal famous names
Score 0/26 Timer 03:00
0 Plays Today
Clue Word % Correct
Celebrity #1MOAT
92.4%
Celebrity #2KATE
92.3%
Celebrity #2DARK
92.3%
Celebrity #1WINE
91%
Celebrity #1BOAT
89.1%
Celebrity #2MATE
87.5%
Celebrity #2MARE
86.9%
Celebrity #1BRAT
86.6%
Celebrity #1WIND
86.3%
Celebrity #1PINE
86.3%
Celebrity #1PINT
85.3%
Celebrity #2MINT
83.5%
Celebrity #2MINE
82.3%
Clue Word % Correct
Celebrity #2DARE
82%
Celebrity #2MIST
78.6%
Celebrity #1MEND
77.7%
Celebrity #1MEAT
77.3%
Celebrity #2DINE
76.7%
Celebrity #2MOST
74.8%
Celebrity #1MIND
74.1%
Celebrity #1MEAD
70.6%
Celebrity #2DIRK
58.6%
Celebrity #2DIRE
57.9%
Celebrity #2MOSS
57.6%
Celebrity #1BRAD
49.1%
Celebrity #1PITT
37.1%

Today's Daily Dose

Quick Pick
Brass Quintet

On This Day
May 22nd II

You're not logged in!

Compare scores with friends on all Sporcle quizzes.
Join for Free
OR
Log In

You Might Also Like...

Show Comments

Extras

Top Quizzes Today


Score Distribution

Your Account Isn't Verified!

In order to create a playlist on Sporcle, you need to verify the email address you used during registration. Go to your Sporcle Settings to finish the process.

Report this User

Report this user for behavior that violates our Community Guidelines.

Details: